Die ungedruckte Beckmann'sche Topographie von Angermünde aus den Jahren 1712 bis 1760 (Titelsatznr. 246981)
[ MARC ]
| 000 -Satzkennung | |
|---|---|
| Kontrollfeld mit fester Länge | 00480nab a2200145 4500 |
| 001 - Kontrollnummer | |
| Kontrollfeld | 39110 |
| 007 - Feld mit fester Länge zur physischen Beschreibung - Allgemeine Information | |
| Kontrollfeld mit fester Länge | tu |
| 008 - Feld mit fester Länge zur physischen Beschreibung - Allgemeine Angaben | |
| Kontrollfeld mit fester Länge | 110905s1916||||||| |
| 040 ## - Katalogisierungsquelle | |
| Original-Katalogisierungsstelle | DE-2950 |
| Übertragungsstelle | DE-2950 |
| 084 ## - Andere Notation | |
| Notation | 11.00.00.00. Einzelne Landschaften und Orte |
| 245 04 - Titel | |
| Titel | Die ungedruckte Beckmann'sche Topographie von Angermünde aus den Jahren 1712 bis 1760 |
| Verfasserangabe etc. | Wolff, F. |
| 264 ## - Produktion, Veröffentlichung, Distribution, Herstellung und Urheberrechtsvermerk | |
| Datum der Herstellung, der Veröffentlichung, des Vertriebs oder des Urheberschutzvermerks | 1916 |
| 500 ## - Allgemeine Fußnote | |
| Allgemeine Fußnote | Format: 3 |
| 773 0# - Übergeordnete Einheit | |
| Verknüpfungsangaben | Bd. 6, (1916) 1918, 1916 - 1918, 113-157 |
| Titel | Mitteilungen Uckermärkischer Geschichtsverein |
| Ausgeschieden | Verloren | Klassifikation oder Aufstellungssystematik | Beschädigt | Nicht entleihbar | Heimatbibliothek | Aufenthaltsbibliothek | Aufstellungsort | Erwerbungsdatum | Kodierter Standort-Qualifier | Anzahl Ausleihen | Signatur | Letzte Aktivität | Exemplarnummer | Preis gültig von | Koha-Medientyp |
|---|---|---|---|---|---|---|---|---|---|---|---|---|---|---|---|
| Andere/Generische Klassifikation | Stadtarchiv Frankfurt (Oder) | Archivbibliothek | Stadtarchiv Frankfurt (Oder) | Archivbibliothek | Magazin | 22/07/2021 | M | III:0516 | 22/07/2021 | 11083 | 22/07/2021 | Aufsätze |